| 000 | 00462nam a2200169Ia 4500 | ||
|---|---|---|---|
| 008 | 230711s9999||||xx |||||||||||||| ||und|| | ||
| 020 | _a81-239-0831-8 | ||
| 041 | _aENG | ||
| 082 |
_a664.07 _bNI-C |
||
| 100 | _aNielson,S.Suzanne | ||
| 245 | 0 | _aIntroduction to the Chemical Analysis of Foods | |
| 250 | _a1st Ed. | ||
| 260 |
_c2002 _aNew Delhi _bCBS Publishers & Distributors Pvt.Ltd |
||
| 300 | _a530p. | ||
| 650 | _aFood Science and Technology | ||
| 942 | _cBK | ||
| 999 |
_c7380 _d7380 |
||